|
|
|
|
| LEADER |
00000nam a2200000Ia 4500 |
| 001 |
DIGCIDOB131 |
| 003 |
NyNyDIG |
| 006 |
m o d |
| 007 |
cr ||||||||||| |
| 008 |
150101s2009 sp ob 000 0 spa d |
| 035 |
|
|
|a (OCoLC)1335126823
|
| 040 |
|
|
|a DGITA
|b eng
|e rda
|e pn
|c DGITA
|
| 043 |
|
|
|a e-sp---
|
| 050 |
1 |
4 |
|a JV8252
|
| 100 |
1 |
|
|a Cebolla Boado, Héctor,
|e author.
|
| 245 |
1 |
0 |
|a ¿Debería España parecerse a Francia? :
|b la desventaja educativa de sus inmigrantes y el impacto de su concentración en algunas escuelas /
|c Héctor Cebolla Boado.
|
| 264 |
|
1 |
|a Barcelona :
|b Fundació CIDOB, Barcelona Centre for International Affairs,
|c 2009.
|
| 300 |
|
|
|a 1 online resource (37 pages)
|
| 336 |
|
|
|a text
|b txt
|2 rdacontent
|
| 337 |
|
|
|a computer
|b c
|2 rdamedia
|
| 338 |
|
|
|a online resource
|b cr
|2 rdacarrier
|
| 490 |
1 |
|
|a Documentos CIDOB.
|a Migraciones ;
|v 18
|
| 504 |
|
|
|a Includes bibliographical references.
|
| 588 |
|
|
|a Description based on online resource; title from PDF title page (Digitalia, viewed December 5, 2014)
|
| 650 |
|
0 |
|a Immigrants
|z Spain
|x Social conditions.
|
| 650 |
|
0 |
|a Multicultural education
|z Spain.
|
| 655 |
|
7 |
|a Periodicals.
|2 lcgft
|
| 710 |
2 |
|
|a CIDOB (Center)
|
| 793 |
0 |
|
|g Digitalia e-journal Collection:
|a CIDOB, Barcelona
|
| 791 |
2 |
|
|a Digitalia (Firm),
|e distributor.
|
| 830 |
|
0 |
|a Documentos CIDOB.
|p Migraciones,
|x 1697-7734;
|v 18.
|
| 856 |
4 |
0 |
|u https://digitalia.uam.elogim.com/a/23885/
|z Texto completo
|